000 01422nam a2200349 c 4500
003 BLK
005 20231114122930.0
008 180410b bul|||||r ||||||| ||bul||
010 _aKNG00159328000
020 _a978-954-742-202-5
_bиздат.: Слънце
040 _aBLK
041 _aBUL
_cBUL
072 7 _2bullib
_aН83
_xЧужда художествена литература Н
080 _aАмериканска литература (на САЩ)
_b821.111(73)
_x-31
_z821.111(73)-31
100 1 _aХенри, Пати Калахан
_eпърви автор
_9331898
700 1 _aМундрова-Неделчева, Славянка Димитрова
_eпрев.
_9366003
139 _aХенри, Пати Калахан
_bХ 42
245 1 0 _aДа отвориш сърцето си
_bРоман
_cПати Калахан Хенри; прев. Славянка Димитрова Мундрова-Неделчева.
257 _aUSA
260 София
_bСлънце
_c2014
300 _a336 с.
_c20 см
380 _aX
500 _aОриг. загл. Coming Up For Air / Patti Callahan Henry.
653 _aромани
659 _aН
852 _aЦб 268336
856 4 _qpdf
_u
856 4 _qpdf
_u
942 _cKNG
_n0
_040
944 _aCR
_c08.04.2014
_lГалина Якимова
_k30564
944 _aED
_c14.12.2016
_lф /
_kЛюдмила_Стоянова
999 _c152809
_d152809